000 00564nam a2200193Ia 4500
003 OSt
005 20240912154737.0
008 210210b1952 xxu||||| |||| 00| 0 eng d
040 _cAL
041 _akan
082 _a859/1822
100 _aVERN JULS
_9156572
_dಜೂಲ್ಸ್ ವರ್ನೆ.
245 _aBhupradakshine
_bಭೂಪ್ರದಕ್ಷಿಣೆ
260 _aMangaluru
_b-
_c1952
690 _aKannada Fiction
_9156573
700 _aVijayakrashna Tata:
_dವಿಜಯಕೃಷ್ಣ ಟಾಟ
_9179099
906 _a022542
942 _2ddc
_cBK
999 _c146954
_d146954